000 00453nam a22001817a 4500
005 20250916132747.0
008 250916b |||||||| |||| 00| 0 eng d
020 _a978 1 259 85980 9
050 _aQP 46.S54 2018
100 _aRYAN KENNETH
245 _aMEDICAL MICROBIOLOGY
250 _a7TH ED.
260 _aNEW YORK
_bMC GRAW HILL
_c2018
300 _aX11,1041P.
500 _aINCLUDES AN INDEX
650 _aMICROBIOLOGY
942 _2lcc
_cBK
999 _c216107
_d216107